000 00863nas a2200301 4500
001 BR2019000666
003 BR-BrBNA
005 20231205131630.0
007 ta
008 230509b bl.|||p| |||| 00| 00por d
040 _aBR-BrBNA
_bpor
_cBiblioteca Nacional de Agricultura
041 _a(Pt)
072 _aF61; F04
100 1 _aSodré, G.A.
100 1 _aCorá, J.E.
100 1 _aPereira, A.B.
245 1 _aSubstratos de serragem na produção de mudas de cacaueiros
650 _aCACAU
650 _aMUDA
650 _aCRESCIMENTO
650 _aSUBSTRATO DE CULTURA
650 _aSERRAGEM
650 _aESTACA
773 0 _tAgrotrópica (Brazil)
_xISSN 0103-3816
_g(Jan-Dec 2006), v. 18(no. único) p. 93-96
_wBR2019000666
856 4 0 _dLink DSPACE/MAPA BR2019000666
909 _a202311
_bLúcia
_c55
_dLúcia Elande
942 _2AGRIS
_n0
_cANA
999 _c255818
_d255818